000 00837nas a2200265 4500
001 BR9204603
003 BR-BrBNA
005 20231205092743.0
007 ta
008 230509b bl.|||p| |||| 00| 00por d
040 _aBR-BrBNA
_bpor
_cBiblioteca Nacional de Agricultura
041 _a(Pt)
072 _aP40
100 1 _aEstefanel, V.
100 1 _aBuriol, G.A.
100 1 _aSaccol, A.V.
100 1 _aRomani, L.B.
245 1 _aVariabilidade e probabilidade de ocorrencia de temperaturas minimas absolutas do ar no Estado do Rio Grande do Sul
650 _aTEMPERATURA
650 _aCLIMATOLOGIA
650 _aRIO GRANDE DO SUL
773 0 _tRevista do Centro de Ciencias Rurais (Brazil)
_xISSN 0085-5901
_g(Dec 1978), v. 8(4) p. 363-384
_wBR9204603
909 _a202311
_bLúcia
_c55
_dLúcia Elande
942 _2AGRIS
_n0
_cANA
999 _c133929
_d133929